00460nam a2200133 a 4500008004100000050002200041110008300063245004700146260003700193300001300230350000900243650002700252710004700279090521s1996 ||||||||||||||||| || u aGOV.ZAM(02)1996/9 aGovernment of the Republic of Zambia. Ministry of Local Government and Housing10aRepublic of Zambia national housing policy aLusakabGovernment Printerc1996 avi, 28p. a0.00 aHOUSING POLICY--ZAMBIA aGovernment of the Republic of Zambia (GRZ)